logo

Bir Sreshtho Munshi Abdur Rouf Library
Jhenaidah Cadet College

Hitler's spies : (Record no. 10235)

MARC details
000 -LEADER
fixed length control field 00840nam a22002652i 4500
001 - CONTROL NUMBER
JCCL Control Number 10235
003 - CONTROL NUMBER IDENTIFIER
JCCL marc code BD-JhCC
005 - DATE AND TIME OF LATEST TRANSACTION
control field 20190716125421.0
008 - FIXED-LENGTH DATA ELEMENTS--GENERAL INFORMATION
fixed length control field 180421s1978 enk 000 0 eng d
020 ## - INTERNATIONAL STANDARD BOOK NUMBER
International Standard Book Number 0340175532
035 ## - SYSTEM CONTROL NUMBER
system control number OCLC ocm04372915 from D960112M
-- (BD-JhCC)10235
040 ## - CATALOGING SOURCE
Original cataloging agency LCI
Transcribing agency LCI
Modifying agency EQO
-- BD-JhCC
041 ## - LANGUAGE CODE
Language code of Book eng
082 ## - DEWEY DECIMAL CLASSIFICATION NUMBER
Author mark and Year KHA 1978
Classification number 940.548743
100 1# - MAIN ENTRY--PERSONAL NAME
Personal name Kahn, David,
Dates associated with a name 1930-
245 10 - TITLE STATEMENT
Title Hitler's spies :
Remainder of title German military intelligence in World War II /
Statement of responsibility, etc David Kahn
260 ## - PUBLICATION, DISTRIBUTION, ETC. (IMPRINT)
Place of publication, distribution, etc London :
Name of publisher, distributor, etc Hodder and Stoughton,
Date of publication, distribution, etc 1978.
300 ## - PHYSICAL DESCRIPTION
Pagination xiii, 671 p., [16] leaves of plates :
Other physical details ill., maps, ports. ;
Dimensions 24 cm
500 ## - GENERAL NOTE
General note Includes index
504 ## - BIBLIOGRAPHY, ETC. NOTE
Bibliography, etc Bibliography: p. 613-646
610 10 - SUBJECT ADDED ENTRY--CORPORATE NAME
Corporate name or jurisdiction name as entry element Germany.
Subordinate unit Nachrichdienst.
-- Abwehr
651 #0 - SUBJECT ADDED ENTRY--GEOGRAPHIC NAME
Geographic name Germany
General subdivision History
Chronological subdivision 1933-1945
942 ## - ADDED ENTRY ELEMENTS (KOHA)
Source of classification or shelving scheme Dewey Decimal Classification
Koha item type Books
Holdings
Source of classification or shelving scheme Damaged status Not for loan Home library Current library Shelving location Date of accession Total Checkouts Full call number Barcode Date last seen Copy number Koha item type
Dewey Decimal Classification     JCC Rouf Library JCC Rouf Library General Stacks 04/21/2018   940.548743 KHA 1978 13029 04/21/2018 C-1 Books

JCC Library | Contacts | JCC Home

Last Update on 23 September 2017
Copyright @ 2017-2020 JCC Rouf Library
Rouf Library, Jhenidah Cadet College (JCC), Bangladesh